| 000 | 01383nam0a2200349 4500 | ||
|---|---|---|---|
| 001 | RU\NLR\bibl\286452 | ||
| 005 | 20260406062739.0 | ||
| 010 |
_a5-87604-143-2 _91500 |
||
| 021 |
_aRU _b2002-11773 _9580 |
||
| 035 | _a(NLR Aleph) 000281873 | ||
| 090 |
_a1649566 _c1649566 |
||
| 100 | _a20020703d2001 |||y0rusy50 ca | ||
| 101 | 1 |
_arus _clat |
|
| 102 | _aRU | ||
| 105 | _ay ||||||||| | ||
| 200 | 1 |
_aМифологические поэмы _fДраконций _gПер. с лат., [вступ. ст., коммент., прил. и указ.] В.Н. Ярхо |
|
| 210 |
_aМ. _cЛабиринт _d2001 |
||
| 215 |
_a217,[1] с. _d21 |
||
| 225 | 1 |
_aАнтичное наследие _iМифология. Поэзия _fРедкол.: Л.С. Ильинская и др. |
|
| 320 | _aУказ. имен и назв.: с. 171-176 | ||
| 327 | 1 | _aСодерж.: Трагедия Ореста; Медея; Похищение Елены | |
| 675 |
_a821.124'01-1Драконций _v3 _zrus |
||
| 686 |
_a17.82 _2rugasnti |
||
| 686 |
_a84(0) _2rubbk |
||
| 686 | _aШ5(0)353.6-4Драконций | ||
| 700 | 1 |
_4070 _8rus _7ca _aДраконций _bБ. Э. _fV в. _gБлоссий Эмилий _3RU\NLR\auth\7712902 _9122611 |
|
| 801 | 0 |
_aRU _bRKP _c20020703 _gPSBO |
|
| 801 | 1 |
_aRU _bRKP _c20020703 |
|
| 801 | 2 |
_aRU _bNLR _c20020826 _grcr |
|
| 942 | _cBOOK | ||
| 980 | _aNB | ||